000 00875cam a2200301 a 4500
001 2679092
003 ARRUPE
005 20140611172919.0
008 740225s1959 enka 000 0aeng
010 _a 59002806
015 _aGB59-4048
020 _a0701108231
035 _a(OCoLC)ocm00812574
035 _a(NNC)2679092
040 _aDLC
_cNYG
_dOCL
_dKSU
_dPIT
_dUKM
_dZCU
043 _af-ke---
050 0 _aPR6015.U92
_bZ52
082 _a828.912
099 _a967.6
_aH9834
100 1 _aHuxley, Elspeth,
_d1907-1997.
_910862
245 1 4 _aThe flame trees of Thika :
_bmemories of an African childhood /
_cElspeth Huxley.
260 _aLondon :
_bChatto & Windus,
_c1959.
300 _a288 p. :
_bill. ;
_c21 cm.
600 1 0 _aHuxley, Elspeth,
_d1907-1997.
_910863
651 0 _aKenya
_xSocial life and customs.
_910864
942 _2lcc
_cSPC
999 _c120718
_d120718